[Event "IND-ch U15"]
[Site "Mumbai"]
[Date "2023.11.20"]
[Round "6"]
[White "Iyer, Arvind"]
[Black "Guru, Prakash"]
[Result "1/2-1/2"]
[WhiteElo "1846"]
[BlackElo "1616"]
[PlyCount "121"]
[EventDate "2023.11.15"]
[EventType "swiss"]
[EventRounds "7"]
[EventCountry "IND"]
[SourceTitle "CB49_2023"]
[SourceDate "2023.12.06"]
[SourceVersion "1"]
[SourceVersionDate "2023.12.06"]
[SourceQuality "1"]

1. e4 c5 2. c3 e6 3. d4 d5 4. Nd2 cxd4 5. cxd4 Nc6 6. Ngf3 Bb4 7. Bd3 dxe4 8. Bxe4 Bd7 9. Qb3 Nf6 10. Bd3 0-0 11. 0-0 Nd5 12. a3 Bd6 13. Ne4 Bc7 14. Nc5 Bc8 15. Be4 Qd6 16. Be3 Nce7 17. Rac1 b6 18. Nd3 Ba6 19. Rfd1 Rac8 20. Nde5 f6 21. Nc4 Bxc4 22. Rxc4 b5 23. Rc2 b4 24. Rdc1 bxa3 25. bxa3 Bb6 26. Nd2 Rxc2 27. Rxc2 Rb8 28. Qd3 f5 29. Bxd5 Qxd5 30. Qc4 Qxc4 31. Rxc4 Nd5 32. g3 h6 33. Rc6 Kf7 34. Nc4 Ke7 35. Ne5 Rb7 36. Rc8 Bc7 37. Bd2 Bxe5 38. dxe5 Rb1+ 39. Kg2 Rb2 40. Bc1 Rb3 41. Ra8 Rb7 42. Bd2 Kd7 43. Ba5 Kc6 44. Rd8 Kb5 45. Bd2 Re7 46. Rd6 Nb6 47. Bb4 Re8 48. Rd3 Nd5 49. Bd6 Rc8 50. Rb3+ Ka6 51. h4 Nb6 52. Kf3 g5 53. hxg5 hxg5 54. g4 Rc4 55. gxf5 Rf4+ 56. Kg3 Rxf5 57. Rf3 Nc4 58. Rxf5 exf5 59. Be7 Nxe5 60. Bxg5 Nd3 61. Be3 1/2-1/2

[Event "IND-ch U15"]
[Site "Mumbai"]
[Date "2023.11.16"]
[Round "2"]
[White "Iyer, Arvind"]
[Black "Soham, Pranav Nagrecha"]
[Result "1-0"]
[WhiteElo "1846"]
[BlackElo "1119"]
[PlyCount "91"]
[EventDate "2023.11.15"]
[EventType "swiss"]
[EventRounds "7"]
[EventCountry "IND"]
[SourceTitle "CB49_2023"]
[SourceDate "2023.12.06"]
[SourceVersion "1"]
[SourceVersionDate "2023.12.06"]
[SourceQuality "1"]

1. e4 c5 2. c3 d5 3. exd5 Qxd5 4. d4 Nc6 5. Nf3 e6 6. Be2 Nf6 7. 0-0 cxd4 8. cxd4 Be7 9. Nc3 Qd8 10. Be3 0-0 11. Ne5 Bd7 12. Bf3 Rc8 13. Qe2 a6 14. Rac1 Bd6 15. Rfd1 Qc7 16. Nxd7 Nxd7 17. Bxc6 bxc6 18. h3 Qb7 19. Ne4 Be7 20. Rc3 Qb5 21. Qc2 f5 22. Nc5 Nxc5 23. dxc5 f4 24. Bd4 Rfd8 25. Qe4 Kf7 26. Re1 Re8 27. Qxe6+ Kf8 28. Qf5+ Kg8 29. Rxe7 Rxe7 30. Qxc8+ Kf7 31. Qf5+ Kg8 32. Rc1 Qb8 33. Bc3 Rf7 34. Qe5 Qc8 35. Re1 Qb7 36. Qe8+ Rf8 37. Qe7 Rf7 38. Qxb7 Rxb7 39. Re6 Rc7 40. Be5 Kf7 41. Bxc7 Kxe6 42. Bxf4 Kd5 43. Bd6 Kc4 44. f4 Kd3 45. f5 Kc2 46. Be5 1-0

[Event "Vrindavana MMT op"]
[Site "Mathura"]
[Date "2023.04.26"]
[Round "8"]
[White "Iyer, Arvind"]
[Black "Chavan, Nameet"]
[Result "0-1"]
[WhiteElo "1792"]
[BlackElo "1841"]
[PlyCount "72"]
[EventDate "2023.04.23"]
[EventType "swiss"]
[EventRounds "9"]
[EventCountry "IND"]
[SourceTitle "CBM 213 Extra"]
[Source "ChessBase"]
[SourceDate "2023.05.31"]
[SourceVersion "1"]
[SourceVersionDate "2023.05.31"]
[SourceQuality "1"]

1. e4 c5 2. c3 d5 3. exd5 Qxd5 4. d4 Nf6 5. Nf3 e6 6. Be2 Be7 7. 0-0 0-0 8. Ne5 cxd4 9. cxd4 Nbd7 10. Bf3 Qd6 11. Bf4 Nd5 12. Bg3 Nxe5 13. dxe5 Qb6 14. Bxd5 Qxb2 15. Qb3 Qxa1 16. Nc3 Qxf1+ 17. Kxf1 exd5 18. Nxd5 Bd8 19. f4 Be6 20. Qxb7 Rc8 21. Be1 Rc1 22. Ke2 Rc2+ 23. Kd3 Rc1 24. Bd2 Rc5 25. Ne7+ Bxe7 26. Qxe7 Rd5+ 27. Ke3 Rd7 28. Qg5 h6 29. Qh5 Rfd8 30. Ba5 Rd3+ 31. Kf2 R8d4 32. g3 Ra4 33. Be1 Rxa2+ 34. Kg1 g6 35. Qh4 Rd1 36. g4 Re2 0-1

[Event "Vrindavana MMT op"]
[Site "Mathura"]
[Date "2023.04.25"]
[Round "5"]
[White "Iyer, Arvind"]
[Black "Harshit, Jaggi"]
[Result "1-0"]
[WhiteElo "1792"]
[BlackElo "1516"]
[PlyCount "63"]
[EventDate "2023.04.23"]
[EventType "swiss"]
[EventRounds "9"]
[EventCountry "IND"]
[SourceTitle "CBM 213 Extra"]
[Source "ChessBase"]
[SourceDate "2023.05.31"]
[SourceVersion "1"]
[SourceVersionDate "2023.05.31"]
[SourceQuality "1"]

1. e4 c5 2. c3 d5 3. exd5 Qxd5 4. d4 Nf6 5. Nf3 Bg4 6. Be2 e6 7. 0-0 Nc6 8. Na3 Be7 9. Nc2 Qd8 10. h3 Bh5 11. Ne5 Bxe2 12. Qxe2 Qc7 13. Bf4 Bd6 14. Rfe1 Rd8 15. Na3 cxd4 16. Nb5 Qe7 17. Nxc6 bxc6 18. Nxd6+ Rxd6 19. Bxd6 Qxd6 20. Rad1 c5 21. cxd4 cxd4 22. Qe5 Qxe5 23. Rxe5 Nd7 24. Re4 Ke7 25. Rexd4 Ne5 26. f4 Nc6 27. Rd7+ Kf6 28. R7d6 Nb4 29. a3 Nc2 30. Rd8 Rxd8 31. Rxd8 Ne3 32. Ra8 1-0

[Event "Mumbai Wealth op 6th"]
[Site "Mumbai"]
[Date "2022.01.04"]
[Round "6"]
[White "Krishnan, Ritvik"]
[Black "Iyer, Arvind"]
[Result "0-1"]
[WhiteElo "1750"]
[BlackElo "1662"]
[PlyCount "60"]
[EventDate "2021.12.30"]
[EventType "swiss"]
[EventRounds "9"]
[EventCountry "IND"]
[SourceTitle "EXT 2023"]
[Source "ChessBase"]
[SourceDate "2022.10.05"]
[SourceVersion "1"]
[SourceVersionDate "2022.10.05"]
[SourceQuality "1"]

1. e4 e5 2. Nf3 Nc6 3. Bc4 Bc5 4. c3 d6 5. d4 exd4 6. cxd4 Bb4+ 7. Nc3 Nf6 8. 0-0 0-0 9. Bg5 h6 10. Bh4 Bg4 11. d5 Ne5 12. Be2 Ng6 13. Bxf6 Qxf6 14. Qd4 Bxc3 15. Qxc3 Nf4 16. Rfe1 Qg6 17. Nh4 Qg5 18. Bxg4 Qxg4 19. Qf3 Qxh4 20. g3 Nh3+ 21. Kg2 Ng5 22. gxh4 Nxf3 23. Kxf3 Rae8 24. Rac1 Re7 25. Kf4 f5 26. exf5 Ref7 27. Kg3 Rxf5 28. Rxc7 Rxf2 29. Ree7 R8f3+ 30. Kg4 h5+ 0-1